000 01959nam a22001577a 4500
041 _aukr
080 _a09
090 _bГРЕ
100 _aГребенюк, Е. В.
245 _aСтилістичні та лексичні особливості промов генерал-губернатора Австралії Квентін Брайс
260 _aОстрог
_bКАФ
_c2014
300 _a81
520 _aВступ. Розділ І. Політичний дискурс та його специфіка у сучасній лінгвістиці. 1.1. Підходи науковців до тлумачення поняття політичного дискурсу 1.2. Роль політичних промов у політичному дискурсі 1.3. Стилістичні засоби у політичних промовах 1.4. Лексичні засоби у політичних промовах Розділ ІІ. Класифікація стлістичних засобів та прийомів політичних промов генерал-губернатора Австралії Квентін Брайс. 2.1. Використання лексико-семантичних засобів 2.1.1. Метафора 2.1.2. Епітет 2.1.3. Гіпербола 2.1.4. Синекдоха 2.2. Синтактико-стилістичні прийоми 2.2.1. Перелік 2.2.2. Речення зі вставними компонентами 2.2.3. Асиндетон Розділ ІІІ. Використання онімів у політичних промовах Квентін Брайс. 3.1. Антропоніми 3.2. Топоніми 3.3. Хрононіми 3.4. Ергоніми Висновки. Список використаних джерел. Додатки.
_0політичний дискурс, оніми, Австралія, промова
650 _aResearch Papers
999 _c285471
_d285471
942 _cBK